[Event "Scarborough CC Jack Frost"]
[Site "Toronto CAN"]
[Date "2011.01.06"]
[Round "1"]
[White "Lin, Tony (Juntao)"]
[Black "Picana, Andrew"]
[Result "0-1"]
[WhiteElo "1967"]
[BlackElo "2206"]
[PlyCount "154"]
[GameId "2160767909821313"]
[EventDate "2011.01.06"]
[EventType "swiss"]
[EventRounds "7"]
[EventCountry "CAN"]

1. e4 e5 2. Nf3 Nc6 3. Bb5 a6 4. Bxc6 dxc6 5. O-O Bd6 6. d4 Bg4 7. dxe5 Bxf3 8. Qxf3 Bxe5 9. Nd2 Qh4 10. g3 Qf6 11. Qxf6 Bxf6 12. e5 Be7 13. Nb3 O-O-O 14. Be3 h5 15. Rad1 Nh6 16. Rxd8+ Bxd8 17. Bd4 Nf5 18. Bc3 c5 19. Nxc5 Be7 20. Ne4 Rd8 21. Kg2 Rd5 22. Kf3 b5 23. a3 Kd7 24. Ke2 Ke6 25. Rd1 c5 26. b3 Nd4+ 27. Bxd4 cxd4 28. f4 Bxa3 29. Ng5+ Ke7 30. Ra1 b4 31. Kd3 a5 32. Rb1 Rc5 33. Ne4 Rc6 34. Ra1 f6 35. Nd6 Rc3+ 36. Kd2 d3 37. cxd3 Rxb3 38. exf6+ Kxf6 39. Nc4 a4 40. h3 Kf5 41. Ke3 Rc3 42. Kd4 Rc1 43. Ra2 b3 44. Re2 Bb4 45. Re5+ Kf6 46. Rb5 Bc3+ 47. Ke3 Rg1 48. Kf2 Bd4+ 49. Kf3 Ra1 50. Ke4 Bf2 51. d4 Rd1 52. Rb6+ Ke7 53. Rb7+ Kd8 54. Rb4 Rxd4+ 55. Kf3 Rxc4 56. Rxc4 b2 57. Rb4 a3 58. Kxf2 a2 59. Rxb2 a1=Q 60. Re2 Qh1 61. Re5 g6 62. h4 Kd7 63. Rg5 Qc6 64. Ke3 Ke7 65. Kf2 Kf6 66. Ke3 Qd6 67. Kf2 Qd3 68. Ke1 Qc2 69. Kf1 Qh2 70. Ke1 Qg2 71. Kd1 Qf2 72. Kc1 Qe2 73. Kb1 Qd2 74. Ka1 Qc2 75. Re5 Qc3+ 76. Ka2 Qxg3 77. Rb5 Qxh4 0-1

[Event "Scarborough CC Jack Frost"]
[Site "Toronto CAN"]
[Date "2011.01.06"]
[Round "1"]
[White "Posaratnanathan, Juliaan"]
[Black "Wu, Kevin"]
[Result "1/2-1/2"]
[WhiteElo "1920"]
[BlackElo "2011"]
[PlyCount "90"]
[GameId "2160767909821314"]
[EventDate "2011.01.06"]
[EventType "swiss"]
[EventRounds "7"]
[EventCountry "CAN"]

1. e4 c5 2. Nf3 d6 3. d4 cxd4 4. Nxd4 Nf6 5. Nc3 g6 6. Be3 Bg7 7. f3 O-O 8. Qd2 Nc6 9. O-O-O d5 10. exd5 Nxd5 11. Nxc6 bxc6 12. Bd4 e5 13. Bc5 Re8 14. Nxd5 cxd5 15. Qxd5 Qxd5 16. Rxd5 Be6 17. Rd6 Rec8 18. Be3 Bxa2 19. Ba6 Rc7 20. Rhd1 Bf8 21. Rd7 Rxd7 22. Rxd7 Be6 23. Rxa7 Rd8 24. Rc7 Bd6 25. Rc6 Be7 26. Bc4 Bd7 27. Rc7 Kg7 28. Bb6 Bg5+ 29. Kb1 Be8 30. Bd3 Rb8 31. Ba7 Rd8 32. Bc5 Rd5 33. b4 Bd8 34. Rc8 f5 35. Ra8 e4 36. Ra7+ Kh8 37. fxe4 fxe4 38. Bxe4 Rd1+ 39. Kb2 Bf6+ 40. c3 Bb5 41. Be3 Re1 42. Ra8+ Kg7 43. Ra7+ Kh8 44. Ra8+ Kg7 45. Ra7+ Kh8 1/2-1/2

[Event "Scarborough CC Jack Frost"]
[Site "Toronto CAN"]
[Date "2011.01.06"]
[Round "1"]
[White "Southam, David"]
[Black "Paterson, Jim"]
[Result "1-0"]
[WhiteElo "2083"]
[BlackElo "1868"]
[PlyCount "89"]
[GameId "2160767909821315"]
[EventDate "2011.01.06"]
[EventType "swiss"]
[EventRounds "7"]
[EventCountry "CAN"]

1. d4 e6 2. c4 c5 3. d5 exd5 4. cxd5 d6 5. Nc3 g6 6. e4 Bg7 7. Bd3 a6 8. a4 Nf6 9. h3 O-O 10. Nf3 Nbd7 11. O-O Re8 12. Re1 Qc7 13. Bf4 Nh5 14. Bh2 Ne5 15. Be2 Nxf3+ 16. Bxf3 Nf6 17. e5 dxe5 18. d6 Qb6 19. Bxe5 Be6 20. a5 Qa7 21. Qd2 Rad8 22. Qf4 Nd7 23. Bxg7 Kxg7 24. Ne4 b5 25. Ng5 Nf6 26. Bc6 Bd7 27. Bd5 Rxe1+ 28. Rxe1 Be8 29. Qe5 Qd7 30. Nxh7 Kxh7 31. Qxf6 Qxd6 32. Qh4+ Kg7 33. Bf3 Qc7 34. Qe7 Qxe7 35. Rxe7 b4 36. Be2 Bb5 37. Bxb5 axb5 38. Rb7 Rd1+ 39. Kh2 Rd2 40. Rxb5 Rxf2 41. a6 Rxb2 42. Ra5 c4 43. a7 c3 44. a8=Q c2 45. Qc8 1-0

[Event "Scarborough CC Jack Frost"]
[Site "Toronto CAN"]
[Date "2011.01.13"]
[Round "2"]
[White "Bellissimo, Joseph"]
[Black "Lamb, Bryan"]
[Result "1-0"]
[WhiteElo "1918"]
[BlackElo "2156"]
[PlyCount "59"]
[GameId "2160767909821316"]
[EventDate "2011.01.06"]
[EventType "swiss"]
[EventRounds "7"]
[EventCountry "CAN"]

1. e4 c5 2. Nf3 d6 3. d4 cxd4 4. Nxd4 Nf6 5. Nc3 g6 6. Be3 Bg7 7. f3 O-O 8. Qd2 Nc6 9. O-O-O Bd7 10. g4 Qa5 11. Kb1 Rfc8 12. Nb3 Qc7 13. g5 Nh5 14. Nd5 Qd8 15. Nd4 Ne5 16. f4 Nc4 17. Bxc4 Rxc4 18. c3 Bg4 19. Rde1 e5 20. fxe5 dxe5 21. Qd3 exd4 22. Qxc4 dxe3 23. Nxe3 Rc8 24. Qd5 Qxd5 25. Nxd5 Re8 26. Re3 h6 27. h4 Bd7 28. b4 Rxe4 29. Rxe4 Bf5 30. Rhe1 1-0

[Event "Scarborough CC Jack Frost"]
[Site "Toronto CAN"]
[Date "2011.01.13"]
[Round "2"]
[White "Casareno, Erwin"]
[Black "Sharpe, Sam"]
[Result "1-0"]
[WhiteElo "2136"]
[BlackElo "1943"]
[PlyCount "63"]
[GameId "2160767909821318"]
[EventDate "2011.01.06"]
[EventType "swiss"]
[EventRounds "7"]
[EventCountry "CAN"]

1. e4 e6 2. d4 d5 3. Nc3 Nf6 4. e5 Nfd7 5. Nce2 c5 6. c3 Nc6 7. Nf3 f6 8. Nf4 Ndxe5 9. dxe5 fxe5 10. Nh3 Be7 11. Bb5 Qc7 12. Bxc6+ bxc6 13. Bg5 Bf6 14. Bxf6 gxf6 15. O-O e4 16. Nd2 e5 17. f4 h5 18. f5 Ba6 19. Re1 O-O-O 20. Qa4 Bb5 21. Qa3 Qb6 22. c4 Bxc4 23. Nxc4 dxc4 24. Rxe4 Rd2 25. Rxc4 Rxb2 26. Qxc5 Rd8 27. Qxb6 axb6 28. Rxc6+ Kb7 29. Rxf6 Rdd2 30. Rg6 Rxa2 31. Rxa2 Rxa2 32. f6 1-0

[Event "Scarborough CC Jack Frost"]
[Site "Toronto CAN"]
[Date "2011.01.13"]
[Round "2"]
[White "Ferreira, Alex"]
[Black "Guo, Joshua"]
[Result "1-0"]
[WhiteElo "2084"]
[BlackElo "2225"]
[PlyCount "70"]
[GameId "2160767909821319"]
[EventDate "2011.01.06"]
[EventType "swiss"]
[EventRounds "7"]
[EventCountry "CAN"]

1. d4 Nf6 2. Bg5 g6 3. Bxf6 exf6 4. e3 Bg7 5. Nd2 d6 6. Bd3 f5 7. c3 Nd7 8. h4 Nf6 9. h5 Nxh5 10. Rxh5 gxh5 11. Qxh5 Qf6 12. Nh3 Bd7 13. Nf4 O-O-O 14. O-O-O Kb8 15. Rh1 Bc8 16. Nc4 h6 17. Na5 d5 18. Nb3 Bf8 19. Qf3 c6 20. Rh5 Bd6 21. Na5 Bc7 22. Nb3 Rhg8 23. g3 Rg5 24. Rh1 Rg4 25. Ng2 Rdg8 26. Nc5 Rh8 27. Qd1 Ka8 28. b3 h5 29. Be2 Rg5 30. Nh4 Rgg8 31. Kb2 Rd8 32. b4 b6 33. Nd3 Ba6 34. b5 cxb5 35. Nb4 Bb7 1-0

[Event "Scarborough CC Jack Frost"]
[Site "Toronto CAN"]
[Date "2011.01.13"]
[Round "2"]
[White "Nasirov, Ilyas"]
[Black "Hall, John"]
[Result "1-0"]
[WhiteElo "2095"]
[BlackElo "2226"]
[PlyCount "77"]
[GameId "2160767909821320"]
[EventDate "2011.01.06"]
[EventType "swiss"]
[EventRounds "7"]
[EventCountry "CAN"]

1. d4 Nf6 2. c4 c5 3. d5 e5 4. Nc3 d6 5. e4 Be7 6. f4 exf4 7. Bxf4 O-O 8. Bd3 Nbd7 9. Nf3 Ng4 10. O-O Nde5 11. Bxe5 Nxe5 12. Nxe5 dxe5 13. Be2 Bg5 14. Bg4 Qb6 15. Bxc8 Be3+ 16. Kh1 Raxc8 17. Rb1 Qb4 18. Qd3 Bd4 19. Nb5 a6 20. a3 Qa5 21. Nd6 Rb8 22. Nf5 Qc7 23. Rf3 g6 24. Qd2 f6 25. d6 Qd7 26. Ne7+ Kg7 27. Rh3 Rh8 28. Qh6+ Kf7 29. Nd5 Qxd6 30. Rf3 f5 31. exf5 Ke8 32. Qg7 e4 33. f6 Rf8 34. Re1 Rf7 35. Rxe4+ Be5 36. Qg8+ Rf8 37. Qxh7 Kd8 38. Qe7+ Kc8 39. Rxe5 1-0

[Event "Scarborough CC Jack Frost"]
[Site "Toronto CAN"]
[Date "2011.01.13"]
[Round "2"]
[White "Pedersen, Rune"]
[Black "Krupka, David"]
[Result "1/2-1/2"]
[WhiteElo "2311"]
[BlackElo "1981"]
[PlyCount "44"]
[GameId "2160767909821321"]
[EventDate "2011.01.06"]
[EventType "swiss"]
[EventRounds "7"]
[EventCountry "CAN"]

1. e4 e5 2. Nf3 Nc6 3. Bb5 a6 4. Bxc6 dxc6 5. d4 exd4 6. Qxd4 Qxd4 7. Nxd4 Nf6 8. Nc3 Bb4 9. O-O Bd7 10. e5 Bxc3 11. bxc3 Ne4 12. f4 c5 13. Nb3 c4 14. Nd4 c5 15. Ne2 Ba4 16. Rb1 O-O-O 17. Rb2 Rd5 18. Be3 Rhd8 19. g4 Rd1 20. Ng3 Nxg3 21. hxg3 Rxf1+ 22. Kxf1 Rd5 1/2-1/2

[Event "Scarborough CC Jack Frost"]
[Site "Toronto CAN"]
[Date "2011.01.13"]
[Round "2"]
[White "Picana, Andrew"]
[Black "Southam, David"]
[Result "0-1"]
[WhiteElo "2206"]
[BlackElo "2083"]
[PlyCount "120"]
[GameId "2160767909821322"]
[EventDate "2011.01.06"]
[EventType "swiss"]
[EventRounds "7"]
[EventCountry "CAN"]

1. e4 e6 2. d4 d5 3. exd5 exd5 4. Nc3 Bb4 5. Nf3 Bg4 6. Be3 Nc6 7. Be2 Nge7 8. O-O O-O 9. h3 Bh5 10. a3 Bxc3 11. bxc3 Na5 12. g4 Bg6 13. Ne5 f6 14. Nd3 b6 15. Nf4 Qd7 16. Re1 Rae8 17. Bf1 Bf7 18. Ng2 Nc8 19. Bf4 Rxe1 20. Qxe1 Re8 21. Ne3 Nd6 22. Bxd6 Qxd6 23. Qd2 c6 24. a4 Qd7 25. Bd3 Nb7 26. Qd1 Nd6 27. a5 b5 28. Qf3 a6 29. Qg3 Bg6 30. Kh2 Ne4 31. Bxe4 Bxe4 32. Ra2 h6 33. Qf4 Qd8 34. Nf1 g5 35. Qg3 f5 36. gxf5 Qf6 37. Ne3 Bxf5 38. c4 dxc4 39. c3 Rf8 40. Re2 Be6 41. Nc2 Bd5 42. Nb4 Qf3 43. Qxf3 Rxf3 44. Rc2 h5 45. Nxa6 g4 46. hxg4 hxg4 47. Kg1 Rh3 48. Kf1 Be4 49. Ra2 g3 50. fxg3 Rh1+ 51. Kf2 Rh2+ 52. Ke3 Rxa2 53. Kxe4 Rxa5 54. Nb4 Ra3 55. Nxc6 Rxc3 56. g4 Rb3 57. d5 Kf8 58. g5 c3 59. Kd3 b4 60. Nd4 Rb2 0-1

[Event "Scarborough CC Jack Frost"]
[Site "Toronto CAN"]
[Date "2011.01.13"]
[Round "2"]
[White "Wiebe, Daniel"]
[Black "Lin, Tony (Juntao)"]
[Result "1/2-1/2"]
[WhiteElo "1926"]
[BlackElo "1967"]
[PlyCount "93"]
[GameId "2160767909821323"]
[EventDate "2011.01.06"]
[EventType "swiss"]
[EventRounds "7"]
[EventCountry "CAN"]

1. e4 c5 2. Nf3 d6 3. d4 cxd4 4. Nxd4 Nf6 5. Nc3 Nc6 6. Bc4 Qb6 7. Nf3 e6 8. O-O a6 9. a3 Be7 10. Be3 Qc7 11. Ba2 O-O 12. Nd4 Rd8 13. f4 b5 14. f5 Nxd4 15. Bxd4 e5 16. Be3 Bb7 17. Bg5 Nxe4 18. Nxe4 Bxe4 19. Bxe7 Qxe7 20. Qg4 d5 21. f6 Qf8 22. c3 Kh8 23. Bb1 Bxb1 24. Raxb1 Rd6 25. Qg5 Re6 26. Rf5 gxf6 27. Rxf6 Qg7 28. Qxg7+ Kxg7 29. Rxe6 fxe6 30. Re1 Kf6 31. Rf1+ Kg6 32. Re1 e4 33. Kf2 Kf6 34. Ke3 e5 35. Rf1+ Ke6 36. g4 Rg8 37. h3 h5 38. Rg1 hxg4 39. hxg4 Rh8 40. Rg3 Kf6 41. b3 Kg5 42. c4 dxc4 43. bxc4 Rc8 44. Kxe4 Rxc4+ 45. Kxe5 a5 46. Rb3 b4 47. axb4 1/2-1/2

[Event "Scarborough CC Jack Frost"]
[Site "Toronto CAN"]
[Date "2011.01.20"]
[Round "3"]
[White "Bellissimo, Joseph"]
[Black "Picana, Andrew"]
[Result "0-1"]
[WhiteElo "1918"]
[BlackElo "2206"]
[PlyCount "114"]
[GameId "2160767909821324"]
[EventDate "2011.01.06"]
[EventType "swiss"]
[EventRounds "7"]
[EventCountry "CAN"]

1. e4 e5 2. Nf3 Nc6 3. Bc4 Bc5 4. c3 Nf6 5. d4 Bd6 6. O-O O-O 7. dxe5 Bxe5 8. Nxe5 Nxe5 9. Bb3 d6 10. Re1 Bg4 11. Qc2 h6 12. f4 Nc6 13. Be3 Be6 14. Nd2 Ng4 15. Bd4 Nxd4 16. cxd4 Bxb3 17. Qxb3 Nf6 18. Rac1 Rb8 19. Rc3 a6 20. Nf3 d5 21. e5 Ne4 22. Rc2 c6 23. Nd2 f5 24. Nxe4 fxe4 25. Rf2 Kh8 26. Ref1 Qd7 27. f5 Kh7 28. Qg3 Qf7 29. Rf4 Rbe8 30. Rg4 c5 31. f6 g6 32. Rff4 Rg8 33. Qh3 h5 34. Rh4 Kh6 35. Rf2 cxd4 36. Qg3 Re6 37. Qf4+ g5 38. Rxh5+ Qxh5 39. f7 Rf8 40. Qf5 Qg6 41. Qh3+ Kg7 42. Qb3 Rxe5 43. Qxb7 e3 44. Rf1 Rf5 45. Re1 R8xf7 46. Qb4 Qf6 47. h3 Rf1+ 48. Rxf1 Qxf1+ 49. Kh2 Kg6 50. Qxd4 Qf4+ 51. Qxf4 Rxf4 52. g3 Rf7 53. Kg2 e2 54. h4 gxh4 55. gxh4 e1=Q 56. Kh3 Rf3+ 57. Kg4 Qg3# 0-1

[Event "Scarborough CC Jack Frost"]
[Site "Toronto CAN"]
[Date "2011.01.20"]
[Round "3"]
[White "Hall, John"]
[Black "Al Ganabi, Haqi"]
[Result "0-1"]
[WhiteElo "2226"]
[BlackElo "1972"]
[PlyCount "68"]
[GameId "2160767909821325"]
[EventDate "2011.01.06"]
[EventType "swiss"]
[EventRounds "7"]
[EventCountry "CAN"]

1. e4 e6 2. d4 d5 3. Nd2 Nf6 4. e5 Nfd7 5. Bd3 c5 6. c3 Nc6 7. Ngf3 f5 8. exf6 Nxf6 9. O-O cxd4 10. cxd4 Bd6 11. Re1 O-O 12. Nf1 Qc7 13. Bd2 e5 14. dxe5 Nxe5 15. Nxe5 Bxe5 16. Rc1 Qb8 17. Qb3 Kh8 18. Bb4 Re8 19. Bc3 d4 20. Bxd4 Bxd4 21. Rxe8+ Nxe8 22. Qf7 Nf6 23. Rc7 Ng8 24. Qh5 Nf6 25. Qf7 Bd7 26. Rc4 Qe5 27. Rc2 Bc6 28. Re2 Qg5 29. Ng3 Bd5 30. Qc7 Ng4 31. Ne4 Bxe4 32. Rxe4 Bxf2+ 33. Kh1 Bg3 34. Qxb7 Qc1+ 0-1

[Event "Scarborough CC Jack Frost"]
[Site "Toronto CAN"]
[Date "2011.01.20"]
[Round "3"]
[White "Krupka, David"]
[Black "Casareno, Erwin"]
[Result "0-1"]
[WhiteElo "1981"]
[BlackElo "2136"]
[PlyCount "95"]
[GameId "2160767909821326"]
[EventDate "2011.01.06"]
[EventType "swiss"]
[EventRounds "7"]
[EventCountry "CAN"]

1. d4 d5 2. c4 c6 3. Nf3 Nf6 4. cxd5 cxd5 5. Nc3 e6 6. Bf4 Bd6 7. Bxd6 Qxd6 8. e3 O-O 9. Bd3 a6 10. O-O Nbd7 11. Qb3 b5 12. Rfd1 Bb7 13. Rac1 Rfc8 14. Ne2 Ne4 15. Rxc8+ Rxc8 16. Rc1 Rxc1+ 17. Nxc1 h6 18. Qc2 Ng5 19. Nxg5 hxg5 20. Nb3 Kf8 21. h3 Ke8 22. Be2 g6 23. Bd3 Kd8 24. Nd2 e5 25. Nb3 e4 26. Be2 f5 27. Qc3 b4 28. Qc2 Qb6 29. a3 a5 30. axb4 Qxb4 31. Kf1 Bc6 32. Qxc6 Qxb3 33. Qa8+ Ke7 34. Qxa5 Qxb2 35. g3 f4 36. gxf4 gxf4 37. Qxd5 Qc1+ 38. Kg2 f3+ 39. Bxf3 exf3+ 40. Qxf3 Nf6 41. Qb7+ Ke6 42. Qb6+ Kf7 43. Qb7+ Kg8 44. Qe7 Qc6+ 45. Kh2 Ne4 46. Qd8+ Kf7 47. Qh4 Qc2 48. Qf4+ 0-1

[Event "Scarborough CC Jack Frost"]
[Site "Toronto CAN"]
[Date "2011.01.20"]
[Round "3"]
[White "Lamb, Bryan"]
[Black "Lin, Tony (Juntao)"]
[Result "1-0"]
[WhiteElo "2156"]
[BlackElo "1967"]
[PlyCount "65"]
[GameId "2160767909821327"]
[EventDate "2011.01.06"]
[EventType "swiss"]
[EventRounds "7"]
[EventCountry "CAN"]

1. c4 Nf6 2. Nc3 e6 3. e4 d6 4. d4 b6 5. g3 Bb7 6. Bg2 Nbd7 7. Nge2 Be7 8. O-O c5 9. b3 O-O 10. e5 Bxg2 11. exf6 Bxf1 12. fxe7 Qxe7 13. Kxf1 Nf6 14. h3 Rfd8 15. d5 exd5 16. Nxd5 Nxd5 17. Qxd5 Qf6 18. Rb1 h6 19. Bb2 Qe6 20. Nf4 Qxd5 21. Nxd5 Rab8 22. Ne7+ Kf8 23. Nc6 Rdc8 24. Nxb8 Rxb8 25. Rd1 b5 26. cxb5 Rxb5 27. Rxd6 c4 28. Ba3 Ke8 29. bxc4 Ra5 30. Rd3 Ra4 31. c5 Rc4 32. Ke1 Rc2 33. Kd1 1-0

[Event "Scarborough CC Jack Frost"]
[Site "Toronto CAN"]
[Date "2011.01.20"]
[Round "3"]
[White "Sharpe, Sam"]
[Black "Bzikot, Robert"]
[Result "0-1"]
[WhiteElo "1943"]
[BlackElo "2008"]
[PlyCount "78"]
[GameId "2160767909821328"]
[EventDate "2011.01.06"]
[EventType "swiss"]
[EventRounds "7"]
[EventCountry "CAN"]

1. c4 f5 2. g3 Nf6 3. Bg2 g6 4. Nf3 Bg7 5. O-O d6 6. Nc3 e5 7. d3 O-O 8. e4 Nc6 9. h3 Kh8 10. Nd5 Nxd5 11. cxd5 Ne7 12. b4 c6 13. dxc6 bxc6 14. Bb2 Rb8 15. Bc3 Qc7 16. Rc1 Be6 17. a3 Rb7 18. Re1 Qb8 19. d4 fxe4 20. Ng5 Bf5 21. g4 Bc8 22. Nxe4 Nd5 23. Ba1 Nf4 24. dxe5 Nxg2 25. Kxg2 dxe5 26. Nc5 Rbf7 27. Rc2 Qc7 28. Ree2 Qe7 29. Qd3 Qg5 30. Qe3 Rxf2+ 31. Qxf2 Rxf2+ 32. Rxf2 h5 33. Ne4 Qe3 34. Rfe2 Qxa3 35. Bc3 hxg4 36. Nd6 gxh3+ 37. Kh2 Bg4 38. Rf2 Qb3 39. Bxe5 Bxe5+ 0-1

[Event "Scarborough CC Jack Frost"]
[Site "Toronto CAN"]
[Date "2011.01.20"]
[Round "3"]
[White "Southam, David"]
[Black "Ferreira, Alex"]
[Result "1/2-1/2"]
[WhiteElo "2083"]
[BlackElo "2084"]
[PlyCount "97"]
[GameId "2160767909821330"]
[EventDate "2011.01.06"]
[EventType "swiss"]
[EventRounds "7"]
[EventCountry "CAN"]

1. d4 d6 2. e4 g6 3. Nc3 Bg7 4. h3 Nd7 5. g3 c5 6. Nge2 Ngf6 7. Bg2 Rb8 8. a4 cxd4 9. Nxd4 O-O 10. O-O Nc5 11. Be3 Bd7 12. Qd2 Qc8 13. Kh2 Bc6 14. Nxc6 bxc6 15. e5 Ne8 16. exd6 exd6 17. b3 Ne6 18. Rad1 d5 19. Ne2 Nd6 20. Bxa7 Rb7 21. Bd4 Nxd4 22. Nxd4 Rd7 23. Kg1 Re8 24. Bf3 Rde7 25. Kg2 h5 26. h4 Kf8 27. Qd3 Bf6 28. c3 Bg7 29. Qd2 Kg8 30. Rfe1 Bh6 31. Qxh6 Rxe1 32. Rxe1 Rxe1 33. Bxh5 Nf5 34. Bg4 Nxh6 35. Bxc8 c5 36. Nb5 Rb1 37. Bb7 Rxb3 38. Bxd5 Rb1 39. Nd6 Rb6 40. Ne4 Ra6 41. c4 Rxa4 42. Nxc5 Ra7 43. Ne4 Nf5 44. c5 Ne7 45. Bb3 Kf8 46. Nd6 Rc7 47. Nxf7 Rxc5 48. Ng5 Rc3 49. Bd1 1/2-1/2

[Event "Scarborough CC Jack Frost"]
[Site "Toronto CAN"]
[Date "2011.01.20"]
[Round "3"]
[White "Wiebe, Daniel"]
[Black "Pedersen, Rune"]
[Result "0-1"]
[WhiteElo "1926"]
[BlackElo "2311"]
[PlyCount "56"]
[GameId "2160767909821331"]
[EventDate "2011.01.06"]
[EventType "swiss"]
[EventRounds "7"]
[EventCountry "CAN"]

1. e4 c5 2. Nf3 Nc6 3. d4 cxd4 4. Nxd4 g6 5. Nc3 Bg7 6. Be3 Nf6 7. Be2 O-O 8. f4 d6 9. Nb3 a5 10. a4 Be6 11. O-O Bxb3 12. cxb3 Nb4 13. Bc4 e6 14. f5 gxf5 15. Bg5 fxe4 16. Bxf6 Bxf6 17. Nxe4 Bxb2 18. Qh5 Qe7 19. Ng5 f6 20. Rae1 fxg5 21. Rxe6 Bd4+ 22. Rf2 Qxe6 23. Bxe6+ Kh8 24. Bf7 Rac8 25. g4 Nd3 26. h4 Rc7 27. Bc4 Rxf2 28. Qe8+ Rf8+ 0-1

[Event "Scarborough CC Jack Frost"]
[Site "Toronto CAN"]
[Date "2011.01.27"]
[Round "4"]
[White "Guo, Joshua"]
[Black "Southam, David"]
[Result "1/2-1/2"]
[WhiteElo "2225"]
[BlackElo "2083"]
[PlyCount "73"]
[GameId "2160767909821332"]
[EventDate "2011.01.06"]
[EventType "swiss"]
[EventRounds "7"]
[EventCountry "CAN"]

1. e4 e6 2. d4 d5 3. Nd2 Be7 4. Bd3 c5 5. c3 cxd4 6. cxd4 dxe4 7. Nxe4 Nf6 8. Nf3 Nbd7 9. Nc3 b6 10. O-O Bb7 11. Re1 Rc8 12. Bf4 Nd5 13. Nxd5 Bxd5 14. Ba6 Ra8 15. Rc1 O-O 16. Bc7 Qe8 17. Qa4 Ne5 18. Bb5 Nxf3+ 19. gxf3 Qc8 20. Bd6 Qd8 21. Bc7 Qc8 22. Bd7 Qb7 23. Bg3 b5 24. Bxb5 a6 25. Bc6 Bxc6 26. Qxc6 Qxc6 27. Rxc6 Bf6 28. Be5 Rfd8 29. Rec1 Bxe5 30. dxe5 g6 31. Rd6 Rdb8 32. b3 Rb5 33. Rcc6 a5 34. f4 a4 35. Rb6 Rxb6 36. Rxb6 axb3 37. axb3 1/2-1/2

[Event "Scarborough CC Jack Frost"]
[Site "Toronto CAN"]
[Date "2011.01.27"]
[Round "4"]
[White "Lin, Tony (Juntao)"]
[Black "Sharpe, Sam"]
[Result "0-1"]
[WhiteElo "1967"]
[BlackElo "1943"]
[PlyCount "60"]
[GameId "2160767909821333"]
[EventDate "2011.01.06"]
[EventType "swiss"]
[EventRounds "7"]
[EventCountry "CAN"]

1. e4 e6 2. d4 d5 3. Nc3 Nf6 4. Bg5 Be7 5. e5 Nfd7 6. h4 Bxg5 7. hxg5 Qxg5 8. Nh3 Qe7 9. Nf4 a6 10. Qg4 Kf8 11. Bd3 h6 12. Qf3 Kg8 13. O-O-O c5 14. Qh5 Nc6 15. Rde1 cxd4 16. Nd1 Qg5 17. Qh2 Ndxe5 18. Kb1 Bd7 19. Nxe6 Bxe6 20. f4 Ng4 21. fxg5 Nxh2 22. Rxh2 hxg5 23. Rxh8+ Kxh8 24. Rh1+ Kg8 25. Bh7+ Kf8 26. Bf5 Ke7 27. Re1 Kf6 28. Bxe6 fxe6 29. Nf2 e5 30. Nd3 b6 0-1

[Event "Scarborough CC Jack Frost"]
[Site "Toronto CAN"]
[Date "2011.01.27"]
[Round "4"]
[White "Nasirov, Ilyas"]
[Black "Krupka, David"]
[Result "1-0"]
[WhiteElo "2095"]
[BlackElo "1981"]
[PlyCount "47"]
[GameId "2160767909821334"]
[EventDate "2011.01.06"]
[EventType "swiss"]
[EventRounds "7"]
[EventCountry "CAN"]

1. d4 d5 2. c4 e5 3. dxe5 d4 4. Nf3 Nc6 5. g3 Be6 6. Nbd2 Qd7 7. Bg2 O-O-O 8. O-O h5 9. a3 h4 10. Ng5 Nxe5 11. Nxe6 fxe6 12. Qb3 c6 13. Ne4 Nf6 14. Qa4 Nxe4 15. Bxe4 hxg3 16. hxg3 Bd6 17. Bg5 Rdf8 18. c5 Bxc5 19. Rac1 Bb6 20. Bf4 Ng4 21. Bxc6 bxc6 22. Rxc6+ Kb7 23. Rxb6+ Kc8 24. Rb8# 1-0

[Event "Scarborough CC Jack Frost"]
[Site "Toronto CAN"]
[Date "2011.01.27"]
[Round "4"]
[White "Picana, Andrew"]
[Black "Lamb, Bryan"]
[Result "0-1"]
[WhiteElo "2206"]
[BlackElo "2156"]
[PlyCount "88"]
[GameId "2160767909821335"]
[EventDate "2011.01.06"]
[EventType "swiss"]
[EventRounds "7"]
[EventCountry "CAN"]

1. d4 Nf6 2. Nf3 b6 3. c4 e6 4. e3 Bb7 5. Bd3 Ne4 6. a3 f5 7. Nbd2 d6 8. Nf1 Nd7 9. Ng3 Be7 10. Qc2 Ndf6 11. b4 O-O 12. Bb2 d5 13. Ne5 c5 14. dxc5 bxc5 15. Bxe4 dxe4 16. bxc5 Bxc5 17. O-O Qc7 18. Bd4 Bxd4 19. exd4 f4 20. Ne2 Nd7 21. Nxd7 Qxd7 22. Rfd1 Qf7 23. Qb3 f3 24. gxf3 Qh5 25. f4 Qxe2 26. Qxb7 Rab8 27. Qc7 e3 28. Rf1 Qg4+ 29. Kh1 Qf3+ 30. Kg1 Rb2 31. h4 Rxf2 32. Rxf2 Qxf2+ 33. Kh1 e2 34. Qe5 Qf1+ 35. Kh2 Qxa1 36. Qxe2 Qxd4 37. Qxe6+ Kh8 38. f5 Qf2+ 39. Kh1 Rxf5 40. Qe8+ Rf8 41. Qc6 Qf1+ 42. Kh2 Rf2+ 43. Kg3 Qg1+ 44. Kh3 Rh2# 0-1

[Event "Scarborough CC Jack Frost"]
[Site "Toronto CAN"]
[Date "2011.01.27"]
[Round "4"]
[White "Posaratnanathan, Juliaan"]
[Black "Wiebe, Daniel"]
[Result "0-1"]
[WhiteElo "1920"]
[BlackElo "1926"]
[PlyCount "40"]
[GameId "2160767909821336"]
[EventDate "2011.01.06"]
[EventType "swiss"]
[EventRounds "7"]
[EventCountry "CAN"]

1. e4 c5 2. Nf3 d6 3. d4 cxd4 4. Nxd4 Nf6 5. Nc3 a6 6. Qf3 e6 7. g4 h6 8. h4 Qb6 9. Nb3 Nc6 10. Be3 Qc7 11. Qe2 Ne5 12. f3 Bd7 13. O-O-O b5 14. Bg2 Rc8 15. g5 Nh5 16. Qf2 Nc4 17. Bd4 b4 18. Nb1 e5 19. Ba7 Nf4 20. gxh6 Qxa7 0-1

[Event "Scarborough CC Jack Frost"]
[Site "Toronto CAN"]
[Date "2011.01.27"]
[Round "4"]
[White "Ugodnikov, Arkadiy"]
[Black "Bellissimo, Joseph"]
[Result "0-1"]
[WhiteElo "1891"]
[BlackElo "1918"]
[PlyCount "110"]
[GameId "2160767909821338"]
[EventDate "2011.01.06"]
[EventType "swiss"]
[EventRounds "7"]
[EventCountry "CAN"]

1. e4 e5 2. Nf3 Nf6 3. Nxe5 d6 4. Nf3 Nxe4 5. d4 d5 6. Bd3 Bd6 7. O-O O-O 8. c4 c6 9. Nc3 Nxc3 10. bxc3 dxc4 11. Bxc4 Bd7 12. Bg5 Qc7 13. Re1 c5 14. Qb3 Nc6 15. Bd3 cxd4 16. cxd4 h6 17. Bh4 Qb6 18. Qxb6 axb6 19. Ne5 Nxe5 20. dxe5 Bc5 21. h3 Be6 22. Re2 Bd4 23. Rd1 g5 24. Bg3 Rfd8 25. Red2 Rxa2 26. Bh7+ Kxh7 27. Rxd4 Rxd4 28. Rxd4 b5 29. f3 Ra4 30. Bf2 Kg6 31. Rd2 b4 32. Bd4 b3 33. Kf2 Rc4 34. g4 b5 35. Ke3 b4 36. Kd3 Rc2 37. Rxc2 bxc2 38. Kxc2 Bd5 39. Kd3 Bxf3 40. Bf2 Bg2 41. h4 Bf3 42. hxg5 Kxg5 43. Be3+ Kg6 44. Kc4 Bxg4 45. Kxb4 h5 46. Kc3 Kf5 47. Kd4 h4 48. Bg1 Kf4 49. Bh2+ Kf3 50. Kd3 Kg2 51. Bf4 h3 52. Ke4 h2 53. Bxh2 Kxh2 54. Kf4 Be6 55. Kg5 Kg3 0-1

[Event "Scarborough CC Jack Frost"]
[Site "Toronto CAN"]
[Date "2011.01.27"]
[Round "4"]
[White "Wu, Kevin"]
[Black "Bzikot, Robert"]
[Result "1/2-1/2"]
[WhiteElo "2011"]
[BlackElo "2008"]
[PlyCount "34"]
[GameId "2160767909821339"]
[EventDate "2011.01.06"]
[EventType "swiss"]
[EventRounds "7"]
[EventCountry "CAN"]

1. e4 d6 2. d4 Nf6 3. Nc3 g6 4. Bg5 Bg7 5. Bc4 h6 6. Bf4 O-O 7. f3 Nc6 8. Qd2 Kh7 9. O-O-O Nh5 10. Be3 e5 11. d5 Ne7 12. g4 Nf6 13. h4 Nd7 14. Nh3 a6 15. Qh2 b5 16. Be2 Nc5 17. g5 h5 1/2-1/2